Pesticides utilization in angkorborie district, takeo province ការប្រើប្រាស់ថ្នាំកសិកម្មក្នុងស្រុកអង្គបូរី ខេត្តតាកែវ. (Record no. 1240)
[ view plain ]
| 000 -LEADER | |
|---|---|
| fixed length control field | 00586nam a22001577a 4500 |
| 003 - CONTROL NUMBER IDENTIFIER | |
| control field | OSt |
| 005 - DATE AND TIME OF LATEST TRANSACTION | |
| control field | 20150925110358.0 |
| 008 - FIXED-LENGTH DATA ELEMENTS--GENERAL INFORMATION | |
| fixed length control field | 150925b xxu||||| |||| 00| 0 eng d |
| 040 ## - CATALOGING SOURCE | |
| Transcribing agency | RUA |
| 082 ## - DEWEY DECIMAL CLASSIFICATION NUMBER | |
| Classification number | AGR CHE 2013 BO55 Or.1 |
| 100 ## - MAIN ENTRY--PERSONAL NAME | |
| 9 (RLIN) | 1314 |
| Personal name | CHEA, TOLA |
| 245 ## - TITLE STATEMENT | |
| Title | Pesticides utilization in angkorborie district, takeo province ការប្រើប្រាស់ថ្នាំកសិកម្មក្នុងស្រុកអង្គបូរី ខេត្តតាកែវ. |
| 260 ## - PUBLICATION, DISTRIBUTION, ETC. (IMPRINT) | |
| Place of publication, distribution, etc. | Phnom Phen |
| Name of publisher, distributor, etc. | RUA |
| Date of publication, distribution, etc. | 2013 |
| 300 ## - PHYSICAL DESCRIPTION | |
| Extent | XIII,52p. |
| Other physical details | ill. |
| Dimensions | 29cm. |
| 942 ## - ADDED ENTRY ELEMENTS (KOHA) | |
| Source of classification or shelving scheme | |
| Koha item type | AGR |
| Price effective from | Date last seen | Permanent Location | Not for loan | Date acquired | Source of classification or shelving scheme | Koha item type | Lost status | Withdrawn status | Date last checked out | Total Checkouts | Shelving location | Damaged status | Barcode | Current Location | Full call number |
|---|---|---|---|---|---|---|---|---|---|---|---|---|---|---|---|
| 2015-09-25 | 2016-10-12 | Library Block B | 2015-09-25 | AGR | 2016-10-07 | 1 | B055 | RUA005482 | Library Block B | AGR CHE 2013 BO55 Or.1 | |||||
| 2015-09-25 | 2015-09-25 | Library Block B | 2015-09-25 | AGR | B055 | RUA005696 | Library Block B | AGR CHE 2013 BO55 Or.2 | |||||||
| 2015-09-25 | 2023-12-25 | Library Block B | 2015-09-25 | AGR | 2023-12-05 | 1 | B055 | RUA006825 | Library Block B | AGR CHE 2013 BO55 Or.3 | |||||
| 2015-09-25 | 2015-09-25 | Library Block B | 2015-09-25 | AGR | B055 | RUA006823 | Library Block B | AGR CHE 2013 BO55 Or.4 | |||||||
| 2015-09-25 | 2022-10-03 | Library Block B | 2015-09-25 | AGR | 2022-09-09 | 1 | B055 | RUA006897 | Library Block B | AGR CHE 2013 BO55 Or.5 | |||||
| 2015-09-25 | 2015-09-25 | Library Block B | 2015-09-25 | AGR | B055 | RUA006895 | Library Block B | AGR CHE 2013 BO55 Or.6 | |||||||
| 2015-09-25 | 2015-09-25 | Library Block B | 2015-09-25 | AGR | B055 | RUA006967 | Library Block B | AGR CHE 2013 BO55 Or.7 | |||||||
| 2015-09-25 | 2015-09-25 | Library Block B | 2015-09-25 | AGR | B055 | RUA006666 | Library Block B | AGR CHE 2013 BO55 Or.8 | |||||||
| 2018-12-19 | 2018-12-19 | Library Block B | 2018-12-19 | AGR | B1.194 | A41256 | Library Block B | AGR CHE 2013 B1.194 Or.1 | |||||||
| 2018-12-24 | 2025-03-12 | Library Block B | 2018-12-24 | AGR | 2025-03-05 | 1 | B1.194 | A41134 | Library Block B | AGR CHE 2013 B1.194 Or.1 |